000 01153nmm a2200325 a 4500
001 ocm000592919
003 TR-IsHL
005 20201028120148.0
008 130625s2007 tu tur
007 cr cn
020 _a9789944978286
035 _a592919
_b(N$T)
050 0 4 _aDR477
_b.G57 2007
090 0 4 _aDR477
_b.G57 2007
100 1 _aGirgin, Kemal
245 1 0 _aDiplomatik anılarla dış ilişkilerimiz: son 50 yıl, 1957-2006
_h[electronic resource] /
_cKemal Girgin
250 _a2. bs.
260 _aİstanbul :
_bİlgi Kültür Sanat Yayıncılık,
_c2007
300 _a424 p.
650 4 _aPolitika ve Uluslararası İlişkiler
650 4 _aPolitics and International Relations
650 0 _aUluslararası ilişkiler
_x Türkiye
650 0 _aInternational relations
_x Turkey
650 0 _aTürkiye
_x Dış ilişkiler
650 0 _aTurkey
_x Foreign relations
650 0 _aDiplomasi
_x Türkiye
650 0 _aDiplomacy
_x Turkey
650 7 _aPOLITICAL SCIENCE / International Relations / General
_2bisacsh
856 4 0 _uhttp://search.ebscohost.com/login.aspx?direct=true&scope=site&db=e011xww&AN=592919
999 _c635
_d635